Giáo trình tin học chứng chỉ A

保存先:
書誌詳細
第一著者: Lê Mạnh Quốc (biên soạn)
フォーマット: 図書
言語:Vietnamese
出版事項: Cấn Thơ Trường Đại học Cần thơ 2000
主題:
タグ: タグ追加
タグなし, このレコードへの初めてのタグを付けませんか!
Thư viện lưu trữ: Trung tâm Học liệu Lê Vũ Hùng, Trường Đại học Đồng Tháp
LEADER 00886pam a22002538a 4500
001 00023341
005 20171026081022.0
008 110617s2000 ||||||viesd
041 0 # |a vie 
082 1 4 |a 005.5  |b GI108TR 
100 0 # |a Lê Mạnh Quốc  |e biên soạn 
245 0 0 |a Giáo trình tin học chứng chỉ A  |c Lê Mạnh Quốc 
260 # # |a Cấn Thơ  |b Trường Đại học Cần thơ  |c 2000 
300 # # |a 262tr.  |c 28cm. 
653 # # |a MS Dos 6.5 
653 # # |a Microsoft Excel 97 
653 # # |a windows 95 
653 # # |a tin học ứng ụng 
653 # # |a Microsoft Word 97 
852 # # |j KGT.0000005  |j KGT.0000006 
852 # # |b Kho mượn  |j KGT.0000005 
852 # # |b Kho giáo trình  |j KGT.0000005, KGT.0000006, KGT.0033358, KGT.0035398 
910 |d 17/06/2011 
980 # # |a Trung tâm Học liệu Lê Vũ Hùng, Trường Đại học Đồng Tháp